000
00299pam a2200109a 44500
008
230405s2009 xxu||||| |||| 00| 0 eng d
041
_a
ENG
100
_a
Sharma Buldhini Jain
245
_a
A Dictionary of Microbiology
260
_a
new delhi
_b
C.B.S Publishers & Distributers
_c
2009
906
_a
15399
999
_c
305898
_d
305898